The logic of social action : an introduction to sociological analysis /

Bibliographic Details
Main Author: Boudon, Raymond
Format: Book
Language:English
French
Published: London ; Boston : Routledge & Kegan Paul, 1981.
Subjects:

MARC

Tag First Indicator Second Indicator Subfields
LEADER 00000cam a2200000 a 4500
001 in00000088473
005 20151008063226.0
008 820514s1981 enka b 00110 eng
010 |a  82115617  
015 |a GB*** 
020 |a 0710008570 
020 |a 0710008589 (pbk.) 
035 |a (OCoLC)08066370 
035 |9 AAK1822AM 
039 0 |a 2  |b 3  |c 3  |d 3  |e 3 
040 |a DLC  |c DLC  |d TXA  |d UtOrBLW 
041 1 |a eng  |a fre 
049 |a TXAM  |c [1633265] 
050 0 0 |a HM55  |b  B5913 
082 0 |a 301  |2 19 
100 1 |a Boudon, Raymond. 
240 1 0 |a Logique du social.  |l English 
245 1 4 |a The logic of social action :  |b an introduction to sociological analysis /  |c Raymond Boudon ; translated by David Silverman, with the assistance of Gillian Silverman. 
264 1 |a London ;  |a Boston :  |b Routledge & Kegan Paul,  |c 1981. 
300 |a xviii, 190 pages :  |b illustrations ;  |c 22 cm. 
336 |a text  |b txt  |2 rdacontent 
337 |a unmediated  |b n  |2 rdamedia 
338 |a volume  |b nc  |2 rdacarrier 
500 |a Translation of: La logique du social. 
504 |a Includes bibliographical references and indexes. 
650 0 |a Sociology. 
999 |a MARS 
999 f f |s 2a4da337-c35d-3034-badd-8f998360ffa7  |i fcd82990-b729-37bf-ad80-f18b5408a709  |t 0 
952 f f |p normal  |a Texas A&M University  |b College Station  |c Sterling C. Evans Library  |d Evans: Library Stacks  |t 0  |e HM55 B5913  |h Library of Congress classification  |i unmediated -- volume  |m A14805975126 
998 f f |a HM55 B5913  |t 0  |l Evans: Library Stacks